000 006480000a22002290004500
003 LK-CoMWRAF
005 20231113094531.0
008 230817t1981 ||||| |||| 00| 0 eng d
020 _a9221024245
040 _aLK-CoMWRAF
_dLK-CoMWRAF
_eLK-CoMWRAF
041 _aeng
082 _a338.95
_bEXP
245 _aExport-led industrialization & development:
_bAsian Employment Programme
260 _aGeneva:
_bILO,
_c1981
300 _aviii, 204 p. ; 23 cm
490 _aAsian employment programme
650 _a Industrialization--Asia
650 _aAsia--Commerce
650 _aAsia--Economic conditions
700 _aLEE, E.
_eed.
942 _cBK
999 _c368
_d368